000 00577ntaaa2200205 4500
003 01
005 20251027202108.0
008 0714s1973 ag 01
040 _aAR-BaBN
_bspa
_cAR-BaBN
_eaacr
_dRIC
082 _a252.0200 F88
100 _aFrench, Geo. H.
_919460
245 _aAuxilios para predicadores, No. 3
250 _a1 ed.
260 _aLanus, Argentina :
_bLibrería Editorial Cristiana,
_cc1951
300 _a127 p
500 _aTemas bíblicos para predicadores, maestros y obreros cristianos
650 _asermones-bosquejos
650 _atemas
942 _cBK
999 _c15814
_d15814